000 00364nam a2200145 i 4500
001 bg
100 1 _aBĄCZEK, Zeon K.
245 0 _aNomogramy do odwodnień wgłębnych /
_cZenon K. Bączek.
260 _aWarszawa,
_c1981.
040 _cBPK
041 _apol
080 _a626/627:624.1:519.67](083)
942 _cKS
008 s pl f |000 0 pol
999 _c18329
_d18329
856 _uhttp://koha.tu.koszalin.pl/cgi-bin/koha/opac-detail.pl?biblionumber=18329
_yKatalog online BPK